Initial Testing of low speed 3-stage axial flow compressor (Record no. 323497)
[ view plain ]
| 000 -LEADER | |
|---|---|
| fixed length control field | 00352 a2200133 4500 |
| 001 - CONTROL NUMBER | |
| control field | 88424 |
| 082 ## - DEWEY DECIMAL CLASSIFICATION NUMBER | |
| Classification number | PR 639 |
| 090 ## - LOCALLY ASSIGNED LC-TYPE CALL NUMBER (OCLC); LOCAL CALL NUMBER (RLIN) | |
| -- | 41849 |
| -- | 41849 |
| 100 ## - MAIN ENTRY--PERSONAL NAME | |
| Personal name | Umar, O.A |
| 245 ## - TITLE STATEMENT | |
| Title | Initial Testing of low speed 3-stage axial flow compressor |
| 260 ## - PUBLICATION, DISTRIBUTION, ETC. | |
| Place of publication, distribution, etc. | Karachi |
| Name of publisher, distributor, etc. | University of Karachi |
| Date of publication, distribution, etc. | 1977 |
| 300 ## - PHYSICAL DESCRIPTION | |
| Extent | 70p. |
| 500 ## - GENERAL NOTE | |
| General note | BE Project Reports |
| 942 ## - ADDED ENTRY ELEMENTS (KOHA) | |
| Institution code [OBSOLETE] | University of Karachi |
| Call number prefix | PR 639 |
| Withdrawn status | Lost status | Damaged status | Not for loan | Collection code | Permanent Location | Current Location | Date acquired | Total Checkouts | Full call number | Barcode | Date last seen | Price effective from | Koha item type |
|---|---|---|---|---|---|---|---|---|---|---|---|---|---|
| College of Aeronautical Engineering (CAE) | College of Aeronautical Engineering (CAE) | 04/03/2017 | PR 639 | CAEPR-639 | 04/05/2017 | 04/05/2017 | Book |
